000 01019nam a22003257a 4500
003 CHAP
005 20220329133408.0
008 971013s1992 r 00010 d
010 _a5868
011 _a6840
035 _a6063
040 _cCHAP
082 _a634.94
_bP31
100 0 0 _aPatton, David R.
_986251
245 _aWildlife habitat relationships in forested ecosystems
260 _aPortland, Oregon :
_bTimber,
_c1992
300 _a392 p.
500 _a60-10
590 _aBATCH-UPD
_b10
_c20130109
_lUCH01
_h2321
590 _aBATCH-UPD
_b10
_c20130110
_lUCH01
_h1627
590 _aBATCH-UPD
_b10
_c20130410
_lUCH01
_h1021
590 _aBATCH-UPD
_b10
_c20130914
_lUCH01
_h1251
590 _aCONVERSION
_b10
_c20130109
_lUCH01
_h1304
650 1 4 _aEcología forestal.
_935176
650 1 4 _aVida silvestre y bosques.
_9119214
650 1 4 _aVida silvestre
_xConservación.
_9119166
901 _aBK
942 _cLIBRO
949 _a634.94 P31
_bBC
_cLIBRO
_d33724000248779
_eLIBRO
_gI.164867
_h82467
_i6063
_si
_t170.00
999 _c5868
_d5868